000 00506nam a2200157 i 4500
001 83969
003 ES-MaACL
005 20230906174925.0
007 t|
008 041118s1943 gw ||||1| ger d
245 0 0 _aJahrbuch für Auswèartige Politik
_b: Im Benchmen mit dem Auswèartigen /
_camt Herausgegeben von Friedrich Berber.
260 _aBerlin :
_b[s.n.],
_c1943 (
_fAugust Gross Verlag)
300 _a631 p. ;
_c22 cm.
700 1 _aBerber, Fritz.
_927840
852 _aES-MaACL
_jF-16227
_bR.21105
999 _c83969
_d83969